| 000 | 00408nam a22000977a 4500 | ||
|---|---|---|---|
| 008 | 170626b xxu||||| |||| 00| 0 eng d | ||
| 100 | _aFrancois, L. | ||
| 245 | _a Les Cachets et obliterations de la poste francaise aux Armees (1849-1870) | ||
| 260 |
_aAmiens, [France] _bImprimerie Yvert & Cie _c1929 |
||
| 650 | _a France | Military Mail | 1849-1870 | 19th Century | Postal Markings | Postal History | Postal Service | ||
| 999 |
_c2429 _d2429 |
||